Elements of chemical reaction engineering /

Guardado en:
Autor Principal: Fogler, H. Scott.
Formato: Libro
Idioma:English
Publicado: Upper Saddle River, NJ : Prentice Hall PTR, c2006.
Edición:4th ed.
Series:Prentice-Hall international series in the physical and chemical engineering sciences.
Materias:
Etiquetas: Agregar Etiqueta
Sin Etiquetas, Sea el primero en etiquetar este registro!
LEADER 01153cam a22002655a 4500
001 EIQ.libpla001675
008 041103s2006####njua#####b####001#0#eng#d
005 20080521161823.0
245 1 0 |a Elements of chemical reaction engineering /  |c H. Scott Fogler. 
250 |a 4th ed. 
260 |a Upper Saddle River, NJ :  |b Prentice Hall PTR,  |c c2006. 
300 |a xxxii, 1080 p. :  |b il. ;  |c 25 cm. +  |e 2 CD-ROMs. 
490 1 |a Prentice Hall PTR international series in the physical and chemical engineering sciences 
504 |a Incluye referencias bibliográficas e índice. 
538 |a Requerimiento del sistema: Windows o Power MAC con PC emulator. 
020 |a 0130473944 (alk. paper) 
100 1 |a Fogler, H. Scott. 
830 0 |a Prentice-Hall international series in the physical and chemical engineering sciences. 
082 0 0 |a 660/.2832  |2 22 
650 4 |a Reactores químicos  |x Elementos. 
650 4 |a Chemical reactors  |x Elements. 
010 |a  2004060140 
040 |a DLC  |c DLC  |d UKM  |d C#P  |d BAKER  |d DLC  |d AR-BbSID 
859 |a AR-BbSID  |b BIB. PLAPIQUI  |h 660.28  |i F 689  |p 5899  |t Ej. 1  |v Ej. 1 
859 |a AR-BbSID  |b BIB. PLAPIQUI  |h 660.28  |i F 689  |p 6057  |t Ej. 2  |v Ej. 2